Central Library OPAC University of Rajshahi

Scenes of clerical life / (Record no. 20647)

MARC details
000 -LEADER
fixed length control field 00666cam a2200229u 4500
001 - CONTROL NUMBER
control field 20647
003 - CONTROL NUMBER IDENTIFIER
rucl marc code BD-RjUL
005 - DATE AND TIME OF LATEST TRANSACTION
control field 20211209000607.0
008 - FIXED-LENGTH DATA ELEMENTS--GENERAL INFORMATION
fixed length control field 830419s1932 enk 000 0 eng
035 ## - SYSTEM CONTROL NUMBER
System control number (BD-RjUL)20709
040 ## - CATALOGING SOURCE
Original cataloging agency DLC
Transcribing agency CarP
Modifying agency BD-RjUL
Language of cataloging eng
041 ## - LANGUAGE CODE
Language code of text/sound track or separate title eng
082 ## - DEWEY DECIMAL CLASSIFICATION NUMBER
Classification number 823
Author mark and year ELS 1932
100 1# - MAIN ENTRY--PERSONAL NAME
Personal name Eliot, George,
Dates associated with a name 1819-1880.
9 (RLIN) 63711
245 10 - TITLE STATEMENT
Title Scenes of clerical life /
Statement of responsibility, etc. George Eliot
260 ## - PUBLICATION, DISTRIBUTION, ETC. (IMPRINT)
Place of publication, distribution, etc. London,
Name of publisher, distributor, etc. J. M. Dent & sons, ltd.;
Place of publication, distribution, etc. New York,
Name of publisher, distributor, etc. E. P. Dutton & co., inc.
Date of publication, distribution, etc. 1932
300 ## - PHYSICAL DESCRIPTION
Pagination x p., 1 l.,
Illustrations 334 p.
Size 18 cm.
650 ## - SUBJECT ADDED ENTRY--TOPICAL TERM
Topical term or geographic name as entry element English fiction.
9 (RLIN) 63712
942 ## - ADDED ENTRY ELEMENTS (KOHA)
Source of classification or shelving scheme Dewey Decimal Classification
Koha item type Books
Holdings
Lost status Source of classification or shelving scheme Damaged status Not for loan Collection code Permanent Location Current Location Shelving location Date acquired Source of acquisition Cost, normal purchase price Total Checkouts Full call number Date last seen Copy number Koha item type
  Dewey Decimal Classification   Added to bundle Fiction Central Library, University of Rajshahi Central Library, University of Rajshahi Reading Room 21/09/1955 B. H Black well 25.60   823 ELS 1932 01/03/2014 C-1 Books